Eurovision 2025 Lyric match (Impossible) - Statistics

General Stats
  • This quiz has been taken 532 times
    478 since last reset
  • The average score is 13 of 37
Answer Stats
Hint Answer % Correct
meiner Hand Germany
72%
lovvee, huuda: "Encore" Finland
67%
Släpp all stress Sweden
65%
si 7 thika që Albania
60%
Excusez-moi monsieur Australia
55%
já, eg er klár Iceland
55%
I'm losing control Denmark
46%
nevar Latvia
46%
Holding on to hope Austria
44%
Je n'suis pas comme ça Luxembourg
44%
mama's voice Netherlands
43%
Spiv perelitnykh ptashok narodyť vesnu Ukraine
42%
A-one, two, a-one, two, three United Kingdom
41%
I baci vietati nelle San Marino
37%
That's why I'm sweating Estonia
35%
sol diferente Portugal
35%
Quand tu les arroses Switzerland
34%
Wonderland Belgium
33%
robot Italy
33%
tugom krpljena Montenegro
33%
to fight, the signs Norway
33%
Nek te poljubi ko bolje slaže te Serbia
33%
Visko pamatai Lithuania
32%
A better kind of justice Croatia
30%
Ya veran Spain
30%
bien grandi France
26%
A forever hero Ireland
26%
I'm the love Poland
25%
Made a loop in the sky Slovenia
24%
I'm falling deep Cyprus
21%
bow down Malta
20%
Un rayon dans ma journée Israel
19%
Can't stop at all Armenia
18%
Only one survives Czechia
18%
Poté den lismonúne Greece
16%
to the stars Azerbaijan
14%
Eni da vini Georgia
12%
No matching quizzes found
Score Distribution
Percent of People with Each Score
Percentile by Number Answered
Your Score History
You have not taken this quiz since the last reset